Research of lignite underground gasification

Podrobná bibliografia
Hlavní autori: Kostúr, Karol (Author), Sasvári, Tibor (Author)
Médium: Článok
Jazyk:English
Témy:
On-line prístup:http://actamont.tuke.sk/pdf/2010/n2/4kostursasvari.pdf
Zdroj: 1. Acta Montanistica Slovaca 1. Roč. 15, č. 2 (2010), s. 121-133 1. 1335-1788
LEADER 01139nab#a2200421#ar4500
001 000120021
003 SVKKK
005 20170731090408.0
008 170425c2010 xo |||||||||||||||b|eng
FMT
015 |a SNBRB2017/07 
038 |a SVKKK 
040 |a SVKKK  |b slo  |e AACR2 
041 0 |a eng  |b eng 
044 |a xo  |c SK 
080 |a 622.278  |x (437.3)  |x (437.6)  |2 2011 
080 |a 622.332  |x (437.3)  |x (437.6)  |2 2011 
100 1 |a Kostúr, Karol  |4 aut 
242 1 0 |a Výskum podzemného splyňovania lignitu  |y slo 
245 1 0 |a Research of lignite underground gasification  |c Karol Kostúr, Tibor Sasvári 
300 |b Obr., tab. 
504 |a Bibliogr. odkazy 
546 |a Res. angl. 
650 0 4 |a baníctvo 
650 0 4 |a podzemné splyňovanie 
650 0 4 |a lignit 
651 4 |a Česko 
651 4 |a Slovensko 
700 1 |a Sasvári, Tibor  |4 aut 
773 0 |t Acta Montanistica Slovaca  |g Roč. 15, č. 2 (2010), s. 121-133  |x 1335-1788 
958 |a NB 
974 |a CER 
992 |a RBX 
BAS
852 |a SVKKK  |b BIB 
856 4 1 |u http://actamont.tuke.sk/pdf/2010/n2/4kostursasvari.pdf 
EXP
998 |a BAN